[Event "BL 8485 München 36-Lasker"]
[Site "?"]
[Date "1985.??.??"]
[Round "?.2"]
[White "Robatsch, K."]
[Black "Paulsen, D."]
[Result "0-1"]
[WhiteElo "2430"]
[BlackElo "2360"]
[PlyCount "104"]
[EventDate "1985.??.??"]

1. Nf3 Nf6 2. c4 c5 3. Nc3 b6 4. g3 Bb7 5. Bg2 e6 6. O-O Be7 7. d4 cxd4 8. Qxd4
d6 9. Rd1 a6 10. Ng5 Bxg2 11. Kxg2 Nc6 12. Qf4 Ra7 13. Nce4 Rd7 14. Be3 Qc7 15.
Rd2 Ne5 16. Bd4 Nxe4 17. Nxe4 Nxc4 18. Bxg7 Rg8 19. Nf6+ Bxf6 20. Bxf6 Qc6+ 21.
Kg1 e5 22. Qh6 Rg6 23. Qxh7 Rxf6 24. Rc2 b5 25. b3 Qb6 26. bxc4 Qxf2+ 27. Kh1
bxc4 28. Qg8+ Ke7 29. Qg5 Rc7 30. Rac1 Rc5 31. Rb2 Ke6 32. Qg4+ Rf5 33. Rbb1
Kf6 34. Rb6 Rd5 35. e4 Rg5 36. Qh3 Qf3+ 37. Qg2 Rd1+ 38. Rxd1 Qxd1+ 39. Qg1
Qf3+ 40. Qg2 Qd1+ 41. Qg1 Qd3 42. h4 Rxg3 43. Rxd6+ Kg7 44. Rxd3 Rxg1+ 45. Kxg1
cxd3 46. Kf2 Kh6 47. Ke3 Kh5 48. Kxd3 Kxh4 49. Kc4 Kg4 50. a4 Kf4 51. Kd5 f5
52. exf5 Kxf5 0-1

[Event "BL 8485 München 36-Lasker"]
[Site "?"]
[Date "1985.??.??"]
[Round "?.3"]
[White "Cladouras, P."]
[Black "Nikolac, J."]
[Result "1-0"]
[WhiteElo "2295"]
[BlackElo "2450"]
[PlyCount "123"]
[EventDate "1985.??.??"]

1. e4 e5 2. Nf3 Nc6 3. Bb5 a6 4. Ba4 d6 5. Bxc6+ bxc6 6. d4 f6 7. Nc3 Ne7 8.
Qd3 Be6 9. Be3 Qb8 10. b3 Qb4 11. Bd2 Qb7 12. O-O Ng6 13. dxe5 dxe5 14. Na4 Rd8
15. Qe3 Bg4 16. Ne1 Nf4 17. f3 Bh5 18. Qf2 Ne6 19. Be3 Be7 20. Nd3 O-O 21. Nac5
Nxc5 22. Nxc5 Bxc5 23. Bxc5 Rf7 24. Rad1 Rfd7 25. Rxd7 Rxd7 26. a4 h6 27. Qe2
Bf7 28. Rd1 Qc8 29. Rxd7 Qxd7 30. h3 f5 31. Kh2 fxe4 32. fxe4 Bg6 33. Qxa6 Bxe4
34. Qc4+ Bd5 35. Qe2 Qf5 36. Qd2 e4 37. Qe3 Be6 38. Bd4 g5 39. c4 c5 40. Bxc5
Qe5+ 41. Kh1 Qa1+ 42. Qg1 Qc3 43. Qf2 Qc1+ 44. Kh2 Qf4+ 45. Qxf4 gxf4 46. g3
fxg3+ 47. Kxg3 Kf7 48. h4 h5 49. Kf4 Ke8 50. Kxe4 Kd7 51. Kd4 Bg4 52. a5 Kc8
53. a6 Kb8 54. b4 Be2 55. b5 Bf1 56. Be7 Ka7 57. Kc5 Kb8 58. Bg5 Be2 59. Bf4
Kc8 60. Kb4 Bf1 61. c5 c6 62. Ka5 1-0

[Event "BL 8485 München 36-Lasker"]
[Site "?"]
[Date "1985.??.??"]
[Round "?.4"]
[White "Bastian, H."]
[Black "Muse, M."]
[Result "1/2-1/2"]
[WhiteElo "2375"]
[BlackElo "2240"]
[PlyCount "113"]
[EventDate "1985.??.??"]

1. e4 c6 2. d4 d5 3. exd5 cxd5 4. Bd3 Nc6 5. c3 g6 6. Bf4 Bf5 7. Bxf5 gxf5 8.
Nf3 Nf6 9. Qb3 Qd7 10. Nbd2 Bg7 11. O-O Nh5 12. Bg5 h6 13. Bh4 O-O 14. Rfe1 Nf4
15. Qb5 Ng6 16. Qe2 f4 17. Nb3 Qg4 18. h3 Qh5 19. g4 fxg3 20. fxg3 Nxh4 21.
Nxh4 Qxe2 22. Rxe2 e6 23. Ng2 a5 24. a4 Rab8 25. Kh2 b6 26. Nf4 Ne7 27. Nh5 Nf5
28. Rf1 Nd6 29. Nc1 Rfc8 30. Nd3 Rc4 31. Ra1 Ne4 32. Nf2 Nxf2 33. Rxf2 b5 34.
axb5 Rxb5 35. Nf4 Bf8 36. Ng2 Rc7 37. Ne3 h5 38. Kg2 Bh6 39. Kf3 Rcb7 40. Ra2
Kf8 41. Nd1 Ke7 42. Rc2 Rb8 43. Nf2 Rg8 44. Nd3 Bf8 45. b4 axb4 46. Ra7+ Kf6
47. cxb4 Bd6 48. g4 hxg4+ 49. hxg4 Rh8 50. Rf2 Kg6 51. Rd7 Rb6 52. Ke3 f6 53.
Rf3 Rh4 54. Rd8 Kg7 55. Rd7+ Kg6 56. Rd8 Kg7 57. Rd7+ 1/2-1/2

[Event "BL 8485 München 36-Lasker"]
[Site "?"]
[Date "1985.??.??"]
[Round "?.5"]
[White "Zbikowski, W."]
[Black "Mueller, Hei"]
[Result "1/2-1/2"]
[WhiteElo "2280"]
[BlackElo "2270"]
[PlyCount "180"]
[EventDate "1985.??.??"]

1. e4 g6 2. d4 Bg7 3. Nc3 c6 4. Bc4 d6 5. Qf3 e6 6. Nge2 b5 7. Bd3 e5 8. Be3
Nf6 9. dxe5 dxe5 10. h3 Be6 11. a4 b4 12. Nb1 Nbd7 13. Nd2 Qc7 14. Nc1 O-O 15.
g4 c5 16. b3 a5 17. Qe2 Nb6 18. f3 Nfd7 19. Bb5 Rac8 20. Nc4 Nxc4 21. bxc4 f5
22. gxf5 gxf5 23. Nb3 fxe4 24. fxe4 Qb6 25. O-O-O Nf6 26. Rhg1 Bf7 27. Bh6 Bg6
28. Bxg7 Kxg7 29. Rg5 Qc7 30. Qh2 Rcd8 31. Rxd8 Rxd8 32. Qxe5 Qxe5 33. Rxe5
Nxe4 34. Nxc5 Nxc5 35. Rxc5 Rf8 36. Rd5 Rf1+ 37. Rd1 Rf3 38. c5 Rc3 39. Bd3
Rxc5 40. Kb2 Be8 41. Re1 Kf8 42. Bxh7 Bxa4 43. Re3 Bd7 44. c3 Rh5 45. Be4 bxc3+
46. Rxc3 Bxh3 47. Ka3 Bg4 48. Rg3 Bd7 49. Re3 Re5 50. Rf3+ Ke7 51. Bc2 Kd6 52.
Ba4 Bf5 53. Rc3 Kd5 54. Bb3+ Kd4 55. Rf3 Bd3 56. Rf8 Be4 57. Rd8+ Ke3 58. Rh8
Rc5 59. Re8 Kd4 60. Kb2 Rc7 61. Rh8 Rb7 62. Rd8+ Kc5 63. Ka3 Rb4 64. Rc8+ Bc6
65. Rh8 Rd4 66. Rh5+ Kb6 67. Rg5 Rd3 68. Kb2 Re3 69. Bd5 Bd7 70. Bg8 a4 71. Ka2
Bb5 72. Kb2 Rf3 73. Ka2 Rf8 74. Ka3 Rf2 75. Be6 Rd2 76. Bg8 Rd4 77. Bf7 Rf4 78.
Be6 Bd3 79. Rg4 Rf6 80. Bd7 Rf3 81. Kxa4 Kc5 82. Rg5+ Kd4 83. Kb4 Rf1 84. Rg4+
Be4 85. Bc6 Rb1+ 86. Ka4 Ra1+ 87. Kb4 Rb1+ 88. Ka4 Ra1+ 89. Kb4 Rb1+ 90. Ka4
Ra1+ 1/2-1/2

[Event "BL 8485 Enger-Bayern"]
[Site "?"]
[Date "1985.??.??"]
[Round "?.1"]
[White "Pfleger, He"]
[Black "Smejkal, J."]
[Result "0-1"]
[WhiteElo "2490"]
[BlackElo "2540"]
[PlyCount "120"]
[EventDate "1985.??.??"]

1. d4 Nf6 2. g3 d5 3. Bg2 c6 4. Nf3 Bf5 5. O-O h6 6. c4 e6 7. Nc3 Nbd7 8. cxd5
exd5 9. Bf4 Be7 10. Ne5 O-O 11. Rc1 Re8 12. h3 Bf8 13. g4 Bh7 14. e3 Nxe5 15.
Bxe5 Ne4 16. Nxe4 Bxe4 17. f3 Bh7 18. Qd2 a5 19. a3 f6 20. Bg3 Re6 21. Rfe1 Bd6
22. Qf2 Qc7 23. Kh2 Rae8 24. Rc3 f5 25. gxf5 Bxf5 26. Bxd6 Qxd6+ 27. Qg3 Qd7
28. Kh1 Qf7 29. b4 axb4 30. axb4 Qh5 31. Qh2 Qh4 32. Re2 Ra8 33. Rc1 Bd3 34.
Ree1 Ra2 35. Ra1 Rxe3 36. Qb8+ Kh7 37. Rxe3 Rxa1+ 38. Kh2 Bg6 39. Qe5 Rd1 40.
f4 Qf2 41. h4 Qxh4+ 42. Rh3 Qf6 43. Re3 Rxd4 44. Qxf6 gxf6 45. Re7+ Kg8 46.
Rxb7 Bf7 47. Kg3 h5 48. Rb6 Rc4 49. b5 cxb5 50. Rxb5 h4+ 51. Kxh4 Rxf4+ 52. Kg3
Rf5 53. Rb7 Kg7 54. Rd7 Kg6 55. Bh3 Re5 56. Kf4 Re4+ 57. Kf3 Rh4 58. Bf1 f5 59.
Bb5 Kf6 60. Bc6 Be8 0-1

[Event "BL 8485 Enger-Bayern"]
[Site "?"]
[Date "1985.??.??"]
[Round "?.2"]
[White "Podzielny, K."]
[Black "Kindermann, S."]
[Result "1-0"]
[WhiteElo "2415"]
[BlackElo "2490"]
[PlyCount "89"]
[EventDate "1985.??.??"]

1. Nf3 Nf6 2. d4 e6 3. g3 c5 4. Bg2 a6 5. O-O cxd4 6. Nxd4 Qc7 7. Bg5 Be7 8. c4
h6 9. Be3 Ng4 10. Bd2 O-O 11. Nc3 d6 12. Rc1 Nd7 13. e3 Ngf6 14. f4 Re8 15. g4
Nf8 16. b3 Ng6 17. Be1 Rb8 18. h3 Bd7 19. Bg3 Qa5 20. a4 Qb6 21. Qd3 Rbd8 22.
Kh2 Bf8 23. Rc2 Bc6 24. a5 Qc7 25. Nxc6 bxc6 26. Qe2 Qb7 27. h4 d5 28. h5 Ne7
29. Rb1 Nd7 30. b4 dxc4 31. e4 e5 32. f5 Nc8 33. Qxc4 Nd6 34. Qa2 Nb5 35. Ne2
Nf6 36. Kh3 Rd3 37. Qc4 Red8 38. Qxc6 Qa7 39. Rf1 Bxb4 40. Qb6 Qa8 41. Rc6 Re3
42. Rf2 Bxa5 43. Qxa6 Qxa6 44. Rxa6 Bc7 45. Rc6 {...ZÜ?/48/} 1-0

[Event "BL 8485 Enger-Bayern"]
[Site "?"]
[Date "1985.??.??"]
[Round "?.3"]
[White "Hecht, H."]
[Black "Gruen, G."]
[Result "1/2-1/2"]
[WhiteElo "2450"]
[BlackElo "2355"]
[PlyCount "111"]
[EventDate "1985.??.??"]

1. e4 e5 2. Nf3 Nc6 3. Bb5 a6 4. Bxc6 dxc6 5. O-O Qd6 6. d4 exd4 7. Nxd4 Bd7 8.
Be3 c5 9. Nb3 Qxd1 10. Rxd1 b6 11. c4 O-O-O 12. Nc3 Bd6 13. Nd5 Ba4 14. Rdc1
Ne7 15. Nd2 Rhe8 16. b3 Bd7 17. a3 f5 18. Bg5 h6 19. Bxe7 Bxe7 20. Nxe7+ Rxe7
21. exf5 Bxf5 22. Nf1 Rd3 23. Ne3 Bg6 24. Nd5 Rf7 25. b4 cxb4 26. axb4 Kb7 27.
Ra2 Rb3 28. Rca1 Rb1+ 29. Rxb1 Bxb1 30. Ra3 Be4 31. Ne3 Rd7 32. f3 Rd3 33. Rxd3
Bxd3 34. Kf2 a5 35. bxa5 bxa5 36. Ke1 Kc6 37. Kd2 Bg6 38. Kc3 Kc5 39. Ng4 Bf5
40. Ne3 Be6 41. f4 a4 42. f5 Bf7 43. g4 a3 44. h4 a2 45. Kb2 Bxc4 46. Nxc4 Kxc4
47. g5 hxg5 48. hxg5 Kd5 49. f6 gxf6 50. gxf6 Ke6 51. Kxa2 Kxf6 52. Kb3 Ke5 53.
Kc4 Kd6 54. Kd4 Kc6 55. Kc4 Kb6 56. Kb4 1/2-1/2

[Event "BL 8485 Enger-Bayern"]
[Site "?"]
[Date "1985.??.??"]
[Round "?.4"]
[White "Fleck, J."]
[Black "Bischoff, K."]
[Result "0-1"]
[WhiteElo "2400"]
[BlackElo "2375"]
[PlyCount "60"]
[EventDate "1985.??.??"]

1. e4 e6 2. d3 d5 3. Nd2 c5 4. Ngf3 Nc6 5. g3 Nge7 6. Bg2 g6 7. O-O Bg7 8. Re1
b6 9. c3 a5 10. a4 Ra7 11. h4 h6 12. exd5 exd5 13. Nf1 d4 14. c4 O-O 15. N1h2
Nb4 16. Bf4 f6 17. g4 g5 18. Bb8 Rb7 19. Bg3 Ng6 20. Re2 Rbf7 21. h5 Ne7 22.
Ne1 f5 23. f3 Nec6 24. Nc2 Re7 25. Nxb4 Nxb4 26. Bf1 Re3 27. Rxe3 dxe3 28. Qb3
fxg4 29. fxg4 Qd4 30. Be2 Be5 0-1

[Event "BL 8485 Enger-Bayern"]
[Site "?"]
[Date "1985.??.??"]
[Round "?.5"]
[White "Calvo Minguez, R."]
[Black "Stertenbrink, G."]
[Result "1/2-1/2"]
[WhiteElo "2410"]
[BlackElo "2225"]
[PlyCount "100"]
[EventDate "1985.??.??"]

1. d4 Nf6 2. c4 e6 3. Nf3 Be7 4. e3 d5 5. b3 O-O 6. Bd3 c5 7. O-O cxd4 8. exd4
Nc6 9. Na3 b6 10. Nc2 Bb7 11. Qe2 Rc8 12. Bf4 Na5 13. Ne5 dxc4 14. bxc4 Nd7 15.
Rad1 Nxe5 16. Bxe5 Bf6 17. f4 Bxe5 18. fxe5 Qg5 19. g3 h5 20. Rf4 Rc7 21. Rdf1
Rd8 22. Rh4 g6 23. Rhf4 Ba6 24. d5 exd5 25. e6 f5 26. cxd5 Bxd3 27. Qxd3 Qe7
28. Ne3 Qxe6 29. Nxf5 Rxd5 30. Nd4 Re7 31. Rf6 Qe3+ 32. Qxe3 Rxe3 33. Ne6 Rf5
34. R1xf5 gxf5 35. Kf2 Nc4 36. Nd4 Ra3 37. Nxf5 Ne5 38. h3 b5 39. Ne7+ Kg7 40.
Rf5 Rxa2+ 41. Ke3 Nc4+ 42. Kd4 Rd2+ 43. Kc3 Re2 44. Nd5 Re5 45. Rxe5 Nxe5 46.
Kb4 Nd3+ 47. Kxb5 Kg6 48. Ka6 Kf5 49. Kxa7 Nf2 50. Nf4 h4 1/2-1/2

[Event "BL 8485 Enger-Bayern"]
[Site "?"]
[Date "1985.??.??"]
[Round "?.6"]
[White "Kunsztowicz, U."]
[Black "Klundt, K."]
[Result "0-1"]
[WhiteElo "2350"]
[BlackElo "2340"]
[PlyCount "84"]
[EventDate "1985.??.??"]

1. d4 Nf6 2. c4 g6 3. Nc3 Bg7 4. e4 d6 5. Be2 O-O 6. Bg5 c5 7. d5 h6 8. Bf4 e6
9. dxe6 Bxe6 10. Qd2 Qb6 11. O-O-O Kh7 12. h4 Nc6 13. Nf3 Nd4 14. Ng5+ hxg5 15.
hxg5+ Kg8 16. gxf6 Bxf6 17. Bd3 Rfe8 18. Bh6 Qd8 19. f4 b5 20. f5 Bxc4 21. fxg6
fxg6 22. Bxc4+ bxc4 23. Qf4 Re5 24. Kb1 Rb8 25. Rdf1 Ne2 26. Nxe2 Rxb2+ 27. Kc1
Rxe2 28. Qg4 Bg5+ 29. Kd1 R2xe4 30. Bxg5 Qxg5 31. Qc8+ Re8 32. Qb7 Rd4+ 33. Kc2
Qd2+ 34. Kb1 Qd3+ 35. Kc1 Qc3+ 36. Kb1 Qb4+ 37. Qxb4 cxb4 38. Rh6 Kg7 39. Rfh1
Re1+ 40. Rxe1 Kxh6 41. Re7 a5 42. Ra7 Rd3 0-1

[Event "BL 8485 Enger-Bayern"]
[Site "?"]
[Date "1985.??.??"]
[Round "?.7"]
[White "Siegel, G."]
[Black "Clemens, C."]
[Result "1-0"]
[WhiteElo "2285"]
[BlackElo "2380"]
[PlyCount "67"]
[EventDate "1985.??.??"]

1. c4 f5 2. Nf3 Nf6 3. g3 g6 4. Bg2 Bg7 5. O-O O-O 6. Nc3 d6 7. d4 c6 8. d5 e5
9. dxe6 Bxe6 10. Qd3 Na6 11. Bf4 Qa5 12. Ng5 Rfe8 13. Rfd1 Rad8 14. a3 Ng4 15.
Nxe6 Rxe6 16. b4 Qb6 17. c5 Nxc5 18. Qc4 Qa6 19. b5 Qa5 20. Rac1 Bxc3 21. bxc6
bxc6 22. Rxc3 Qa4 23. Qxa4 Nxa4 24. Rxc6 Rxe2 25. Bd5+ Kf8 26. Rc7 Nb6 27. Bf3
Ra2 28. Bxg4 fxg4 29. Bh6+ Kg8 30. Rg7+ Kh8 31. Rxa7 Nc4 32. Rc7 Rc2 33. Re1
Ne3 34. Re7 1-0

[Event "BL 8485 Enger-Bayern"]
[Site "?"]
[Date "1985.??.??"]
[Round "?.8"]
[White "Groenegress, W."]
[Black "Schubert, C."]
[Result "0-1"]
[WhiteElo "2210"]
[BlackElo "2260"]
[PlyCount "64"]
[EventDate "1985.??.??"]

1. e4 c5 2. c3 d6 3. d4 Nf6 4. Bd3 cxd4 5. cxd4 g6 6. Nc3 Bg7 7. Nge2 O-O 8.
O-O Nc6 9. h3 e5 10. d5 Nb4 11. Be3 Nh5 12. a3 Nxd3 13. Qxd3 f5 14. exf5 gxf5
15. f4 Bd7 16. Rac1 Qe8 17. Rf2 Kh8 18. g3 a6 19. Rg2 Nf6 20. Bb6 Rc8 21. Qf3
Ne4 22. Nxe4 Rxc1+ 23. Nxc1 fxe4 24. Qxe4 Bxh3 25. Re2 Bf5 26. Qe3 Qg6 27. fxe5
Bh6 28. Qc3 Rc8 29. e6+ Rxc3 30. Bd4+ Bg7 31. Bxg7+ Qxg7 32. bxc3 Qxg3+ 0-1

[Event "BL 8485 Braunschweig-München 36"]
[Site "?"]
[Date "1985.??.??"]
[Round "?.3"]
[White "Nikolac, J."]
[Black "Schruefer, G."]
[Result "1/2-1/2"]
[WhiteElo "2450"]
[BlackElo "2205"]
[PlyCount "58"]
[EventDate "1985.??.??"]

1. Nf3 Nf6 2. g3 g6 3. Bg2 Bg7 4. O-O O-O 5. d3 d5 6. Nbd2 Nc6 7. c3 e5 8. e4
h6 9. b4 a6 10. Bb2 Be6 11. a4 dxe4 12. dxe4 Ne8 13. Re1 Nd6 14. Bf1 b5 15. Nb3
Bc4 16. Nc5 Qc8 17. Bg2 a5 18. axb5 Bxb5 19. bxa5 Nxa5 20. Ba3 Rd8 21. Qc2 Nab7
22. Bb4 Nxc5 23. Bxc5 Bc6 24. Nd2 Qe6 25. Bf1 Bf8 26. Bb4 Rdb8 27. Bd3 Rd8 28.
Bf1 Rdb8 29. Bd3 Rd8 1/2-1/2

[Event "BL 8485 Bayern-Braunschweig"]
[Site "?"]
[Date "1985.??.??"]
[Round "?.1"]
[White "Eng, H."]
[Black "Pfleger, He"]
[Result "1/2-1/2"]
[WhiteElo "2345"]
[BlackElo "2490"]
[PlyCount "141"]
[EventDate "1985.??.??"]

1. Nf3 Nf6 2. c4 d6 3. d4 Nbd7 4. Nc3 e5 5. e4 Be7 6. Be2 O-O 7. O-O c6 8. Re1
Qc7 9. Bf1 Re8 10. a3 a5 11. Rb1 exd4 12. Nxd4 Bf8 13. f3 g6 14. Be3 Bg7 15.
Qd2 a4 16. Rbd1 Ne5 17. Kh1 Nfd7 18. f4 Ng4 19. Bg1 Nc5 20. Ndb5 cxb5 21. Nxb5
Qc6 22. Qxd6 Nxe4 23. Qxc6 bxc6 24. Nc7 Bf5 25. Nxa8 Rxa8 26. Re2 h5 27. Rde1
Ngf6 28. g3 Nd6 29. Bg2 Nxc4 30. Bxc6 Rc8 31. Bf3 Bd3 32. Re7 Nxb2 33. Ra7 Bc2
34. Bd4 Nd3 35. Rf1 Bb3 36. f5 g5 37. Ra6 g4 38. Bb7 Rc7 39. Bg2 Nd7 40. f6 Bf8
41. Ra5 N7c5 42. Rf5 Ne6 43. Be3 Ndc5 44. Rxh5 Bc2 45. Ra8 Bg6 46. Re5 Nd3 47.
Rb5 Rc2 48. Bd5 Nf2+ 49. Bxf2 Rxf2 50. Rbb8 Rxf6 51. Rxa4 Nc7 52. Be4 Na6 53.
Ra8 Nc5 54. Bxg6 Nxa4 55. Bxf7+ Kxf7 56. Rxa4 Rg6 57. Kg2 Bd6 58. Ra7+ Ke6 59.
a4 Kf5 60. Rf7+ Ke4 61. Rf1 Be5 62. Re1+ Kd5 63. Re2 Rc6 64. Ra2 Rc8 65. a5 Bd4
66. h3 gxh3+ 67. Kxh3 Ke4 68. Kg4 Rc7 69. Ra4 Rg7+ 70. Kh3 Rh7+ 71. Kg2 1/2-1/2

[Event "BL 8485 München 36-Enger"]
[Site "?"]
[Date "1985.??.??"]
[Round "?.1"]
[White "Smejkal, J."]
[Black "Unzicker, W."]
[Result "1/2-1/2"]
[WhiteElo "2540"]
[BlackElo "2470"]
[PlyCount "155"]
[EventDate "1985.??.??"]

1. c4 e6 2. Nf3 Nf6 3. d4 b6 4. g3 Bb7 5. Bg2 Be7 6. O-O O-O 7. Nc3 Ne4 8. Bd2
Bf6 9. Qc2 Nxd2 10. Qxd2 d5 11. cxd5 exd5 12. Rfd1 Nd7 13. Ne1 c6 14. b4 Re8
15. e3 Nf8 16. a4 Ne6 17. a5 Nc7 18. Bf1 Bc8 19. axb6 axb6 20. Rxa8 Nxa8 21. b5
cxb5 22. Nxb5 Nc7 23. Rc1 Nxb5 24. Bxb5 Re7 25. Nd3 Be6 26. Qc3 Rb7 27. Nf4 Rb8
28. Qb3 g5 29. Nxe6 fxe6 30. Rc6 Qe7 31. Qc2 Qf7 32. Rc7 Be7 33. Bd3 h6 34. Be2
Rd8 35. Rb7 Rd6 36. Qc7 Kf8 37. Bh5 Qf6 38. Qc8+ Rd8 39. Qc7 Rd6 40. Rb8+ Rd8
41. Rb7 Rd6 42. Kg2 Rd8 43. Rxb6 Ra8 44. Rb7 Ra2 45. Qb8+ Kg7 46. Rb2 Rxb2 47.
Qxb2 Bd6 48. h3 Qe7 49. Qc2 Qf6 50. Qc6 Qe7 51. Qc2 Qf6 52. Qc8 Qe7 53. Bg4 e5
54. Be6 exd4 55. exd4 Qf8 56. Qb7+ Qe7 57. Qxd5 Bc7 58. Qe4 Bb6 59. d5 Qf6 60.
Qe2 Bc5 61. Qd2 Bd6 62. Qc2 h5 63. Qc6 Qe7 64. Qc8 Qf8 65. Qb7+ Qe7 66. Qa8 Qf8
67. Qb7+ Qe7 68. Qb1 h4 69. gxh4 gxh4 70. Qe4 Qg5+ 71. Kf3 Qf6+ 72. Bf5 Kh6 73.
Kg2 Qg5+ 74. Bg4 Qe5 75. Qd3 Qf4 76. Kf1 Kg7 77. Qc2 Qe5 78. Be6 1/2-1/2

[Event "BL 8485 München 36-Enger"]
[Site "?"]
[Date "1985.??.??"]
[Round "?.2"]
[White "Robatsch, K."]
[Black "Podzielny, K."]
[Result "0-1"]
[WhiteElo "2430"]
[BlackElo "2415"]
[PlyCount "82"]
[EventDate "1985.??.??"]

1. Nf3 Nf6 2. c4 c5 3. Nc3 e6 4. g3 b6 5. Bg2 Bb7 6. O-O Be7 7. d4 cxd4 8. Qxd4
d6 9. Rd1 a6 10. Ng5 Bxg2 11. Kxg2 O-O 12. Nce4 Ra7 13. Nxf6+ Bxf6 14. Qg4 Be7
15. Nf3 Nc6 16. Bg5 Bf6 17. Rd2 Rd7 18. Rad1 Re8 19. Bf4 Be7 20. Bg5 Bxg5 21.
Qxg5 Qc7 22. b3 Red8 23. Qf4 h6 24. Qe4 Ne7 25. Nd4 Qc5 26. Nc2 b5 27. Ne3 bxc4
28. Qxc4 Qb6 29. Qa4 Rc7 30. Qa3 d5 31. Nc4 Qa7 32. e4 d4 33. Qb2 Nc6 34. e5
Rd5 35. Qb1 Qc5 36. f4 Rcd7 37. Qe4 Ne7 38. Nd6 R7xd6 39. exd6 Nf5 40. Kh3 Ne3
41. Re1 Rh5# 0-1

[Event "BL 8485 München 36-Enger"]
[Site "?"]
[Date "1985.??.??"]
[Round "?.3"]
[White "Gruen, G."]
[Black "Nikolac, J."]
[Result "0-1"]
[WhiteElo "2355"]
[BlackElo "2450"]
[PlyCount "60"]
[EventDate "1985.??.??"]

1. d4 Nf6 2. Nf3 b5 3. Bg5 Bb7 4. Nbd2 d6 5. e4 Nxe4 6. Bxb5+ Nd7 7. Nxe4 Bxe4
8. O-O h6 9. Bh4 g5 10. Bg3 Rb8 11. Bc4 Bg7 12. Qe2 Bg6 13. c3 O-O 14. b4 e6
15. Rae1 Nf6 16. Bd3 Bh5 17. a3 Nd5 18. Bc2 Re8 19. Qd3 Bg6 20. Qd2 f5 21. h3
Qd7 22. c4 Nf6 23. Re2 Ne4 24. Bxe4 fxe4 25. Nh2 Qa4 26. h4 Qxa3 27. b5 Qd3 28.
Qe1 Bxd4 29. Kh1 Bc3 30. Qd1 Qxd1 {...ZÜ/??/} 0-1

[Event "BL 8485 München 36-Enger"]
[Site "?"]
[Date "1985.??.??"]
[Round "?.4"]
[White "Bastian, H."]
[Black "Fleck, J."]
[Result "0-1"]
[WhiteElo "2375"]
[BlackElo "2400"]
[PlyCount "70"]
[EventDate "1985.??.??"]

1. e4 Nf6 2. e5 Nd5 3. g3 Nc6 4. Bg2 Nb6 5. d4 d6 6. exd6 exd6 7. Ne2 Be7 8.
O-O O-O 9. Nf4 Re8 10. Nc3 Bf6 11. Be3 Bf5 12. g4 Bg6 13. Nxg6 hxg6 14. Nd5 Rb8
15. a4 Nxd5 16. Bxd5 Nb4 17. Bb3 c6 18. c3 Nd5 19. Qf3 Qb6 20. Ra3 Nxe3 21.
fxe3 d5 22. g5 Bxg5 23. Qxf7+ Kh7 24. Bc2 Bxe3+ 25. Kh1 c5 26. Qxd5 Qc6 27. Qg2
Rf8 28. Raa1 Qxg2+ 29. Kxg2 cxd4 30. cxd4 Bxd4 31. Ra3 Rxf1 32. Rh3+ Kg8 33.
Bb3+ Rf7 34. Rf3 Bf6 35. Rd3 Kf8 0-1

[Event "BL 8485 München 36-Enger"]
[Site "?"]
[Date "1985.??.??"]
[Round "?.5"]
[White "Stertenbrink, G."]
[Black "Mueller, Hei"]
[Result "1/2-1/2"]
[WhiteElo "2225"]
[BlackElo "2270"]
[PlyCount "178"]
[EventDate "1985.??.??"]

1. e4 g6 2. d4 Bg7 3. Be3 c5 4. Nc3 Qa5 5. Nf3 Nf6 6. Nd2 cxd4 7. Nb3 Qd8 8.
Nxd4 d6 9. f3 Nc6 10. Qd2 a6 11. O-O-O Nxd4 12. Bxd4 Be6 13. h4 h5 14. Nd5 Bxd5
15. exd5 Bh6 16. Be3 Bxe3 17. Qxe3 Rc8 18. Kb1 Rc5 19. c4 a5 20. a4 Qd7 21. b3
Kd8 22. Bd3 Qc7 23. Rde1 Re8 24. Re2 Qb6 25. Kb2 Qb4 26. Qd2 Qxd2+ 27. Rxd2 Nd7
28. f4 Rc7 29. Rf2 Nc5 30. Bc2 f5 31. Rh3 Rf8 32. Rff3 Rf6 33. Re3 e6 34. dxe6
Re7 35. Kc3 Rfxe6 36. Rxe6 Rxe6 37. Kd2 Kc7 38. Re3 Kb6 39. Bd1 Ne4+ 40. Kc2
Nc5 41. Rg3 Rf6 42. Re3 Ne6 43. Bf3 Kc5 44. Bxb7 Nxf4 45. Kc3 Re6 46. Kd2 Kd4
47. Rxe6 Nxe6 48. Bd5 Nf4 49. Bf3 Nd3 50. Bd5 Ne5 51. g3 Nd3 52. Bf7 Ne5 53.
Bd5 Nd3 54. Bf7 f4 55. gxf4 Nxf4 56. Kc2 Kc5 57. Kc3 Ne2+ 58. Kd3 Nf4+ 59. Ke4
Ng2 60. Bxg6 Nxh4 61. Bxh5 Ng2 62. Kf3 Ne1+ 63. Ke2 Nc2 64. Kd3 Nb4+ 65. Kc3 d5
66. cxd5 Nxd5+ 67. Kb2 Kb4 68. Bf3 Nc3 69. Bg4 Ne4 70. Bh5 Nc5 71. Bf7 Nd3+ 72.
Kc2 Ne5 73. Bd5 Ng4 74. Kb2 Nf2 75. Be6 Nd3+ 76. Kc2 Nc5 77. Bd5 Nxa4 78. bxa4
Kxa4 79. Kc3 Kb5 80. Bc4+ Kc5 81. Bb3 a4 82. Bxa4 Kd5 83. Bb3+ Ke5 84. Kd3 Kf4
85. Kd4 Kf3 86. Bd5+ Kf4 87. Be4 Kg5 88. Ke5 Kg4 89. Bd5 Kg3 1/2-1/2

[Event "BL 8485 München 36-Enger"]
[Site "?"]
[Date "1985.??.??"]
[Round "?.6"]
[White "Zysk, R."]
[Black "Kunsztowicz, U."]
[Result "1-0"]
[WhiteElo "2325"]
[BlackElo "2350"]
[PlyCount "129"]
[EventDate "1985.??.??"]

1. Nf3 d6 2. d4 Nf6 3. g3 g6 4. Bg2 Bg7 5. O-O O-O 6. c4 Nc6 7. Nc3 Rb8 8. Bd2
a6 9. Rc1 Bg4 10. d5 Na5 11. Qa4 c5 12. dxc6 Nxc6 13. Rfd1 Bd7 14. Qc2 b5 15.
cxb5 axb5 16. Ne4 Qb6 17. Nxf6+ Bxf6 18. Bc3 Bxc3 19. Qxc3 Rfc8 20. Qd2 Kg7 21.
b3 f6 22. h4 h5 23. Qb2 b4 24. Rd3 Bf5 25. Rd2 Rc7 26. Ne1 Rbc8 27. e4 Bg4 28.
Nd3 Ne5 29. Rxc7 Qxc7 30. Nxe5 fxe5 31. Kh2 Qc3 32. Qxc3 bxc3 33. Rc2 Bd1 34.
Rc1 c2 35. Bf1 Rc3 36. Kg1 Kf6 37. Bc4 Bf3 38. Kf1 Bxe4 39. Ke1 d5 40. Be2 Ke6
41. Kd2 d4 42. Bc4+ Kd6 43. Bf1 Rf3 44. Ke1 Rf8 45. Be2 d3 46. Bf1 Rxf2 47.
Bxd3 Rf3 48. Bxe4 Re3+ 49. Kf2 Rxe4 50. Rxc2 Rb4 51. Rd2+ Ke6 52. Ke3 Rg4 53.
Kf2 e4 54. Rc2 Kd5 55. a4 e3+ 56. Kf3 e5 57. a5 e4+ 58. Kg2 g5 59. hxg5 Rxg5
60. b4 Kd4 61. a6 Rg8 62. b5 Kd3 63. Ra2 Ra8 64. Kf1 e2+ 65. Ke1 1-0

[Event "BL 8485 München 36-Enger"]
[Site "?"]
[Date "1985.??.??"]
[Round "?.8"]
[White "Krause, C."]
[Black "Groenegress, W."]
[Result "1/2-1/2"]
[WhiteElo "2240"]
[BlackElo "2210"]
[PlyCount "131"]
[EventDate "1985.??.??"]

1. c4 c5 2. Nc3 b6 3. Nf3 Bb7 4. e4 d6 5. g3 Nf6 6. d3 e6 7. Bg2 Be7 8. O-O a6
9. Re1 Nbd7 10. b3 O-O 11. d4 cxd4 12. Nxd4 Qc7 13. Bb2 Rfe8 14. h3 Bf8 15. f4
e5 16. Nde2 b5 17. Nd5 Bxd5 18. cxd5 Rac8 19. Rc1 Qb6+ 20. Kh2 Nc5 21. fxe5
dxe5 22. Ng1 Bd6 23. Qe2 Rc7 24. Rc2 Rec8 25. Rec1 h6 26. Qe3 Ncd7 27. Qxb6
Nxb6 28. Rxc7 Rxc7 29. Ne2 Rxc1 30. Nxc1 Nfd7 31. Nd3 f6 32. Bc3 Kf8 33. Ba5
Bc7 34. Bb4+ Kf7 35. Bf3 g6 36. Bg4 Ke8 37. Be6 Bd8 38. g4 Be7 39. Ba5 Nc5 40.
Nxc5 Bxc5 41. Kg3 Ke7 42. Kf3 Nd7 43. Ke2 Bb6 44. Bd2 g5 45. Bxd7 Kxd7 46. Bb4
Bc7 47. Bc5 Bd6 48. Bb6 Bb4 49. Kd3 Ke7 50. a4 Kd7 51. axb5 axb5 52. Kc2 Ke7
53. Be3 Kd7 54. Bd2 Bc5 55. Bc3 Ke8 56. Kb2 Kd7 57. Bd2 Ke8 58. Ka2 Kd7 59. Bc1
Ke8 60. Bb2 Bb4 61. Ba3 Bd2 62. Bc5 Kf7 63. Ka3 Ba5 64. Bb4 Bb6 65. Bd6 Ba5 66.
Bb4 1/2-1/2

[Event "BL 8485 Erlangen-Lasker"]
[Site "?"]
[Date "1985.??.??"]
[Round "?.1"]
[White "Wockenfuss, K."]
[Black "Heidrich, M."]
[Result "1/2-1/2"]
[WhiteElo "2335"]
[BlackElo "2260"]
[PlyCount "103"]
[EventDate "1985.??.??"]

1. g3 f5 2. Bg2 Nf6 3. f4 d6 4. Nf3 g6 5. d3 Bg7 6. c3 O-O 7. O-O c6 8. Qc2 Qc7
9. e4 e5 10. Kh1 Kh8 11. Na3 fxe4 12. dxe4 Be6 13. Ng5 Bg8 14. f5 gxf5 15. exf5
Qe7 16. Qe2 Nbd7 17. Be3 d5 18. Rae1 Rae8 19. Nh3 Qd6 20. Qd1 c5 21. g4 h6 22.
g5 hxg5 23. Nxg5 Nh7 24. Nxh7 Bxh7 25. Bxd5 Nf6 26. Bg2 Qxd1 27. Rxd1 b6 28.
Nc4 Bg8 29. Nd6 Rd8 30. b3 Rd7 31. Ne4 Rxd1 32. Rxd1 Ng4 33. Bg1 Rxf5 34. Rd7
Rf7 35. Rxf7 Bxf7 36. h3 Nf6 37. Nxf6 Bxf6 38. Be4 Kg7 39. Kg2 Bg5 40. c4 Bh5
41. Bh2 Kf6 42. Kf2 Bd1 43. Bg3 Bh5 44. Bh2 Bd1 45. Bd3 Bh5 46. Bg3 Bd1 47. Ke1
Bh5 48. Be4 Ke6 49. Bf2 Kf6 50. Bg3 Be3 51. Bh4+ Bg5 52. Bg3 1/2-1/2

[Event "BL 8485 Erlangen-Lasker"]
[Site "?"]
[Date "1985.??.??"]
[Round "?.2"]
[White "Huenerkopf, H."]
[Black "Paulsen, D."]
[Result "1-0"]
[WhiteElo "2255"]
[BlackElo "2360"]
[PlyCount "43"]
[EventDate "1985.??.??"]

1. e4 d6 2. d4 Nf6 3. Nc3 g6 4. f4 Bg7 5. e5 Nfd7 6. Nf3 O-O 7. h4 c5 8. h5
cxd4 9. hxg6 hxg6 10. Qxd4 Nc6 11. Qf2 Re8 12. e6 fxe6 13. Bd3 Nf8 14. Qg3 Qa5
15. Bd2 e5 16. Bxg6 exf4 17. Bxf4 Nxg6 18. Qxg6 Bf5 19. Qg3 Qb4 20. O-O-O Rf8
21. Rh4 Qc5 22. Rd5 1-0